The Atlantic

Bibliographic Details
Main Author: Butel, Paul.
Corporate Author: ProQuest (Firm)
Format: Electronic eBook
Language:English
French
Published: London ; New York : Routledge, 1999.
Series:Seas in history.
Subjects:
Online Access:Click to View
LEADER 01453nam a2200409Ia 4500
001 EBC169581
003 MiAaPQ
005 20200520144314.0
006 m o d |
007 cr cn|||||||||
008 980812s1999 enkb sb 001 0 eng d
010 |z  98038974  
020 |z 0203010442 
020 |z 0415106907 
035 |a (MiAaPQ)EBC169581 
035 |a (Au-PeEL)EBL169581 
035 |a (CaPaEBR)ebr10054821 
035 |a (CaONFJC)MIL19547 
035 |a (OCoLC)560072316 
040 |a MiAaPQ  |c MiAaPQ  |d MiAaPQ 
041 1 |a eng  |h fre 
050 4 |a HF4037.85  |b .B8713 1999 
082 0 4 |a 382/.09182/1  |2 21 
100 1 |a Butel, Paul. 
240 1 0 |a Histoire de l'Atlantique.  |l English 
245 1 4 |a The Atlantic  |h [electronic resource] /  |c Paul Butel ; translated by Iain Hamilton Grant. 
260 |a London ;  |a New York :  |b Routledge,  |c 1999. 
300 |a xiii, 330 p. :  |b 1 map. 
490 1 |a Seas in history 
504 |a Includes bibliographical references (p. 316-318) and index. 
533 |a Electronic reproduction. Ann Arbor, MI : ProQuest, 2015. Available via World Wide Web. Access may be limited to ProQuest affiliated libraries. 
650 0 |a International trade  |x History. 
651 0 |a Atlantic Ocean Region  |x Commerce  |x History. 
655 4 |a Electronic books. 
710 2 |a ProQuest (Firm) 
830 0 |a Seas in history. 
856 4 0 |u https://ebookcentral.proquest.com/lib/matrademy/detail.action?docID=169581  |z Click to View